000 00919naa a2200193 a 4500
003 AR-MoUNM
005 20150818114053.0
008 150225b2001 ag ||||| |||| 00| 0 spa d
040 _cAR-MoUNM
100 1 _91621
_aGuber, Rosana.
240 1 0 _aRecurso Accesible
245 1 3 _aLa entrevista etnográfica o el arte de la "no directividad” /
_h[recurso electrónico] /
_cRosana Guber.
300 _aDatos electrónicos : (1 archivo : 89 KB)
500 _aCapítulo 4.
505 0 _aMaterial digitalizado preparado con fines de estudio o recreación, para uso exclusivo y personal de usuarios no videntes, o con otras discapacidades perceptivas. No está disponible para otros usuarios para proteger los derechos de autor en la normativa vigente.
650 7 _954
_aTRABAJO SOCIAL
_2unescot
773 0 _0279
_9484
_aGúber, Rosana.
_tLa etnografía :
_gp. 75-100.
_dBogotá : Norma, 2001.
_o1211
942 _cANALÍTICA
999 _c4632
_d4633